[Event "Moscow Time of the First U13"]
[Site "Moscow"]
[Date "2019.06.18"]
[Round "2"]
[White "Voronin, Nikita1"]
[Black "Kurochkin, Artem"]
[Result "0-1"]
[WhiteElo "1560"]
[BlackElo "1264"]
[PlyCount "78"]
[EventDate "2019.06.17"]
[EventType "swiss"]
[EventRounds "9"]
[EventCountry "RUS"]
[SourceTitle "EXT 2021"]
[Source "ChessBase"]
[SourceDate "2020.10.23"]
[SourceVersion "1"]
[SourceVersionDate "2020.10.23"]
[SourceQuality "1"]

1. d4 g6 2. Nf3 f5 3. h4 Nf6 4. Bg5 Bg7 5. e3 d6 6. Bc4 c6 7. Nbd2 a5 8. a4 Na6 9. Bxf6 Bxf6 10. h5 g5 11. h6 e6 12. c3 g4 13. Ng1 Bg5 14. f3 Bh4+ 15. Ke2 Rg8 16. fxg4 Rxg4 17. Kd3 Qf6 18. Ngf3 Bg3 19. Nf1 d5 20. Bxa6 Rxa6 21. Nxg3 Rxg3 22. Qf1 f4 23. Re1 fxe3 24. Kxe3 Rb6 25. Re2 Ra6 26. Kf2 Rg6 27. Qc1 Ra7 28. g3 b6 29. Qf4 Qxf4 30. gxf4 Ba6 31. Re5 Rf7 32. Rhe1 Bc8 33. f5 Rxh6 34. fxe6 Re7 35. Ng5 Rf6+ 36. Kg3 h6 37. Nf7 Bxe6 38. Nd6+ Kd7 39. b4 Kxd6 0-1